000 01163nam a22002657a 4500
003 OSt
005 20230120114710.0
007 cr ||||||a|c|a
008 230118s2022 mx a|||fom||| 00| 0 spa d
040 _erda
100 1 _9185929
_aTroche Morales, Juan Ángel
245 1 _aContribución al conocimiento de Simmondsia chinensis (Link) C.K. Schneid (jojoba) en sus áreas de distribución en México /
_cpor Juan Ángel Troche Morales; director de tesis Diódoro Granados Sánchez.
264 1 _aChapingo, México :
_bEl autor,
_c2022.
300 _a1 recurso en línea (87 páginas).
_bfiguras, tablas.
336 _2rdacontent
_atexto
_btxt
337 _2rdamedia
_acomputadora
_bc
338 _2rdacarrier
_arecurso en línea
_bcr
502 _bIRF
_cDICIFO
_d2022.
_gLIC
504 _aIncluye referencias bibliográficas: páginas 71-78.
650 4 _9186026
_aJojoba
_xAprovechamiento
650 4 _961944
_aJojoba
_xInvestigación
700 1 _950356
_aGranados Sánchez, Diódoro
_eDirector de tesis.
856 _uhttp://10.13.5.2/tesis/tl/2022_FO_Troche_Morales_JuanAngel.pdf
_zDESCARGAR PDF
942 _2Clasificación Universidad Autónoma Chapingo
_cTD
999 _c218093
_d218093